[Event "TIPC 2013"]
[Site "Charleroi"]
[Date "2013.07.27"]
[Round "1.1"]
[White "Delescaille, Laurent"]
[Black "Rausis, Igors"]
[Result "0-1"]
[LiveChessVersion "1.4-u16"]
[BlackElo "2545"]
[WhiteElo "1767"]

1. e4 c6  2. d4  d5  3. Nc3
 dxe4  4. Nxe4  Bf5
 5. Ng3  Bg6  6. h4
 h6  7. h5  Bh7 
8. Nf3  Nf6  9. Bd3  Bxd3
 10. Qxd3  e6  11. Bf4
 Bd6  12. Bxd6  Qxd6
 13. O-O-O  O-O  14. Kb1
 Nbd7  15. Nd2  c5
 16. Nde4  Qc6  17. dxc5
 Nxe4  18. Qxe4  Qc7
 19. c6 bxc6  20. Ne2  Nf6
 21. Qc4  Rfd8  22. Nd4
 Rac8  23. Nxc6  Re8
 24. Nd4 Red8 0-1

[Event "TIPC 2013"]
[Site "Charleroi"]
[Date "2013.07.27"]
[Round "1.2"]
[White "Kveinys, Aloyzas"]
[Black "Sohet, Cédric"]
[Result "1-0"]
[LiveChessVersion "1.4-u16"]
[BlackElo "1765"]
[WhiteElo "2479"]

1. d4  b6  2. c4  Bb7
 3. Nc3  e6  4. a3
 Nf6  5. d5  Be7 
6. e4  d6  7. Nf3  Nbd7
 8. Bd3  e5  9. O-O
 O-O  10. Be3  c6
 11. b4  a5  12. dxc6
 Bxc6  13. Qe2  Ng4
 14. Bd2  Ngf6  15. Rfc1
 Qb8  16. Nd5  Nxd5
 17. cxd5  Bb7  18. Bb5
 Nf6  19. bxa5  Rc8
 20. a6  Rxc1+ 21. Rxc1  Bc8
 22. Qc4  Bd7  23. a4
 h6  24. h3  Kh7 
25. Be3  Bd8  26. Ne1  Bc8
 27. Nd3  Nd7  28. Qxc8
 Qxc8  29. Rxc8  Rxc8 30. Bxd7
 1-0

[Event "TIPC 2013"]
[Site "Charleroi"]
[Date "2013.07.27"]
[Round "1.3"]
[White "Werner, Guy"]
[Black "Ringoir, Tanguy"]
[Result "0-1"]
[LiveChessVersion "1.4-u16"]
[BlackElo "2471"]
[WhiteElo "1764"]

1. e4  e5  2. d4  exd4
 3. Qxd4  Nc6  4. Qe3
 Nf6  5. Bd2  Bb4
 6. c3  Ba5  7. Na3
 Bb6  8. Qf4  O-O
 9. f3  d5  10. O-O-O
 Re8  11. exd5 Nxd5  12. Qg5
 Ne3  13. Qxd8 Rxd8  14. Re1
 Nxf1 15. Rxf1  Ne5  16. Nh3
 Nd3+  17. Kb1  Bxh3
 18. gxh3  Nf2  19. Rxf2
 Bxf2  20. Kc2  Rd5
 21. Rf1  Bh4  22. c4
 Re5  23. Bf4  Re2+
 24. Kb3  c6  25. Nc2
 Rd8  26. Nb4  a5
 27. Bc7  axb4  28. Bxd8
 Bxd8  29. Rd1  Bf6
 30. Kxb4  Rxb2+  31. Kc5
 Be7+ 0-1

[Event "TIPC 2013"]
[Site "Charleroi"]
[Date "2013.07.27"]
[Round "1.4"]
[White "Okhotnik, Vladimir"]
[Black "Kuciapa, André"]
[Result "1-0"]
[LiveChessVersion "1.4-u16"]
[BlackElo "1771"]
[WhiteElo "2403"]

1. e4  c6  2. d4  d5
 3. e5  Bf5  4. h4
 h5  5. c4  e6 
6. Bg5  Be7  7. Qd2  Nd7
 8. cxd5  exd5  9. Nf3
 Qb6  10. Nc3  f6
 11. Bf4  O-O-O  12. Nxd5
 cxd5  13. Rc1+  Kb8
 14. exf6+  Bd6  15. fxg7
 Rh7  16. Rc3  Ngf6
 17. Ng5  Rxg7  18. f3
 Ka8  19. Bxd6  Qxd6
 20. Kf2  Nh7  21. Be2
 Nxg5  22. hxg5  Qg6
 23. Rhc1  Nb6  24. b3
 Qxg5  25. Qxg5 Rxg5  26. f4
 Rgg8  27. Bxh5  Be4
 28. g4  Kb8  29. Rc7
 Bg6 30. Bxg6  Rxg6  31. Kf3
 Nc4  32. f5  Ra6
 33. Re7  Nd2+  34. Kf4
 Rc6  35. Rxc6 bxc6  36. f6
 Ne4  37. g5  Rf8
 38. f7  Nd6  39. g6
 Rd8  40. g7  Nxf7 41. Rxf7
 a5  42. Rf8  1-0

[Event "TIPC 2013"]
[Site "Charleroi"]
[Date "2013.07.27"]
[Round "1.5"]
[White "Toth, Charles"]
[Black "Eliet, Nicolas"]
[Result "0-1"]
[LiveChessVersion "1.4-u16"]
[BlackElo "2402"]
[WhiteElo "1758"]

1. Nc3 d5 2. e4 c6 3. Nf3 a6 4. Be2 d4 5. Nb1 c5 6. Bc4 Nc6 7. a3 e6 8. d3 Bd6 9.
Nbd2 Nge7 10. Ba2 Ng6 11. O-O O-O 12. Re1 b5 13. Nf1 Bb7 14. Ng5 h6 15. Nh3 Qh4
16. Ng3 Rac8 17. Qh5 Bxg3 18. Qxc5 Bb8 19. c3 Nge5 0-1

[Event "TIPC 2013"]
[Site "Charleroi"]
[Date "2013.07.27"]
[Round "1.6"]
[White "Vandevoort, Pascal"]
[Black "Barbier, Astrid"]
[Result "1-0"]
[LiveChessVersion "1.4-u16"]
[BlackElo "1754"]
[WhiteElo "2384"]

1. Nf3 c5 2. g3 g6 3. Bg2 Bg7 4. O-O Nf6 5. c3 O-O 6. d4 cxd4 7. cxd4 d5 8. Nc3
Nc6 9. Ne5 Be6 10. f4 Qb6 11. Kh1 Rfd8 12. e3 Qc7 13. Bd2 Qc8 14. Rc1 Ne8 15. Na4
f6 16. Nxc6 bxc6 17. Ba5 Rd7 18. Qc2 Rd6 19. Bb4 Bd7 20. Bxd6 Nxd6 21. Nc5 Be8
22. e4 Bf7 23. e5 Nc4 24. Qe2 Qc7 25. b3 Nb6 26. Rc3 Rc8 27. Bh3 f5 28. Rfc1 e6
29. Qa6 Bf8 30. Qb7 Qxb7 31. Nxb7 Be8 32. Nc5 Kf7 33. Bf1 Be7 34. Ba6 Rc7 35. Kg2
Bf8 36. Kf2 Be7 37. R1c2 Bf8 38. Ke3 Be7 39. Be2 Rc8 40. g4 Bf8 41. h3 Be7 42.
Ba6 Rc7 43. g5 Bf8 44. h4 Ke7 45. a4 1-0

[Event "TIPC 2013"]
[Site "Charleroi"]
[Date "2013.07.27"]
[Round "1.8"]
[White "Sarrau, Jelle"]
[Black "Herpigny, Yves"]
[Result "1-0"]
[LiveChessVersion "1.4-u16"]
[BlackElo "1743"]
[WhiteElo "2309"]

1. d4 d6 2. c4 e5 3. d5 f5 4. e4 Nf6 5. exf5 Bxf5 6. Nc3 Be7 7. Nge2 O-O 8. Ng3
Bd7 9. Bd3 c6 10. O-O Na6 11. a3 Nc7 12. Bg5 Nfe8 13. Be3 Nf6 14. Nge4 Bf5 15.
Nxf6+ Rxf6 16. Bxf5 Rxf5 17. Qd3 Rf8 18. dxc6 bxc6 19. Rfd1 Ne8 20. b4 Nf6 21. h3
Qc7 22. Rac1 Rad8 23. b5 Rb8 24. Qf5 Rb7 25. a4 Kh8 26. Qd3 Qc8 27. a5 Rd7 28.
Ne4 Nxe4 29. Qxe4 Rc7 30. Rb1 cxb5 31. cxb5 Rc4 32. Qd5 Qc7 33. b6 1-0

[Event "TIPC 2013"]
[Site "Charleroi"]
[Date "2013.07.27"]
[Round "1.10"]
[White "Noiroux, Kevin"]
[Black "Demat, Olivier"]
[Result "1-0"]
[LiveChessVersion "1.4-u16"]
[BlackElo "1739"]
[WhiteElo "2243"]

1. d4 f5 2. g3 Nf6 3. Bg2 e6 4. Nh3 d6 5. c4 Be7 6. Nc3 e5 7. dxe5 dxe5 8. Qxd8+
Bxd8 9. b3 c6 10. Bb2 Bc7 11. e4 O-O 12. O-O-O a5 13. Ba3 Re8 14. Bd6 Na6 15.
Bxc7 Nxc7 16. exf5 Bxf5 17. Ng5 Re7 18. Rhe1 Rae8 19. Nge4 Nxe4 20. Bxe4 g6 21.
Na4 Bxe4 22. Rxe4 Rf7 23. Nc5 b6 24. Nd3 Rfe7 25. Rde1 Re6 26. Rxe5 Kg7 27. Rxe6
Rxe6 28. Rxe6 Nxe6 29. Ne5 Nd4 30. Kd2 b5 31. Kd3 c5 32. cxb5 Nxb5 33. Kc4 Nd6+
34. Kd5 Nb5 35. Kxc5 Nc3 36. a4 Ne4+ 37. Kb5 Nxf2 38. Kxa5 Kf6 39. Nf3 Ke7 40.
Kb6 Nd3 41. a5 Nb4 42. a6 Kd7 43. a7 Nd5+ 44. Kb7 1-0

[Event "TIPC 2013"]
[Site "Charleroi"]
[Date "2013.07.27"]
[Round "1.11"]
[White "Garcia Hernando, François"]
[Black "Le Quang, Kim"]
[Result "0-1"]
[LiveChessVersion "1.4-u16"]
[BlackElo "2242"]
[WhiteElo "1738"]

1. e4 c5 2. d4 cxd4 3. Nf3 e6 4. c3 Nf6 5. e5 Nd5 6. cxd4 d6 7. Bc4 Nc6 8. O-O
Be7 9. exd6 Qxd6 10. Nc3 O-O 11. Re1 a6 12. h3 Nf6 13. a3 Rd8 14. Be3 b5 15. Ba2
Bb7 16. Qe2 h6 17. Rad1 Bf8 18. Bb1 Rac8 19. Nh2 Ne7 20. Ng4 Nxg4 21. hxg4 b4 22.
axb4 Qxb4 23. g5 hxg5 24. Qh5 g6 25. Qe2 Bh6 26. Rd2 Nf5 27. Red1 Bg7 28. Bxf5
exf5 29. Bxg5 Rxd4 30. Rxd4 Bxd4 31. Qd3 Bxc3 32. bxc3 Qg4 33. Qg3 Qxd1+ 0-1

[Event "TIPC 2013"]
[Site "Charleroi"]
[Date "2013.07.27"]
[Round "1.12"]
[White "Geenen, Marc"]
[Black "Console, Joseph"]
[Result "1-0"]
[LiveChessVersion "1.4-u16"]
[BlackElo "1737"]
[WhiteElo "2235"]

1. e4 c5 2. Nf3 e6 3. d4 cxd4 4. Nxd4 a6 5. c4 Qc7 6. Nc3 Nc6 7. Be3 Bb4 8. Qb3
Nf6 9. Nxc6 Bxc3+ 10. Qxc3 Qxc6 11. f3 d5 12. exd5 exd5 13. c5 O-O 14. Bd4 Re8+
15. Kf2 Bf5 16. g4 Bg6 17. h4 h6 18. Be2 Re6 19. Rhg1 Rae8 20. Rae1 Qc7 21. Rg2
Qf4 22. Kg1 Nd7 23. b4 Ne5 24. Rd1 Nc6 25. Bf1 Re3 26. Bxe3 Rxe3 27. Qd2 d4 28.
h5 Bh7 29. Rf2 Qg3+ 30. Bg2 Qf4 31. a4 g5 32. hxg6 Bxg6 33. b5 axb5 34. axb5 Rd3
1-0

[Event "TIPC 2013"]
[Site "Charleroi"]
[Date "2013.07.27"]
[Round "1.13"]
[White "Henrotte, Christian"]
[Black "Lacroix, Bruno"]
[Result "0-1"]
[LiveChessVersion "1.4-u16"]
[BlackElo "2207"]
[WhiteElo "1736"]

1. Nf3 c5 2. c4 Nc6 3. g3 g6 4. Bg2 Bg7 5. O-O e5 6. d3 Nge7 7. Nc3 O-O 8. a3 h6
9. Qc2 d6 10. Bd2 Be6 11. Rab1 Rc8 12. e4 f5 13. Nd5 Qd7 14. b4 fxe4 15. dxe4
cxb4 16. axb4 b5 17. Nxe7+ Nxe7 18. Bc3 Bxc4 19. Rfd1 Qe6 20. Ra1 Bb3 21. Bh3 Qc4
22. Qd2 Qxc3 23. Bxc8 Qxf3 24. Bb7 Bxd1 25. Rxd1 h5 26. Rc1 h4 27. gxh4 Qg4+ 28.
Kh1 Qxh4 29. Qa2+ Kh7 30. Qxa7 Rxf2 0-1

[Event "TIPC 2013"]
[Site "Charleroi"]
[Date "2013.07.27"]
[Round "1.15"]
[White "Frederiksen, Jens"]
[Black "Dal Borgo, Albin"]
[Result "0-1"]
[LiveChessVersion "1.4-u16"]
[BlackElo "2203"]
[WhiteElo "1732"]

1. e4 e5 2. Nf3 Nc6 3. Bc4 Nf6 4. Ng5 d5 5. exd5 Na5 6. Bb5+ Bd7 7. Qe2 Be7 8.
Bxd7+ Qxd7 9. Qxe5 O-O 10. O-O Ng4 11. Qc3 Bxg5 12. Qxa5 Qd6 13. g3 Qh6 14. h4
Bxh4 15. Qxc7 Bd8 0-1

[Event "TIPC 2013"]
[Site "Charleroi"]
[Date "2013.07.27"]
[Round "1.16"]
[White "Van Mechelen, Jan"]
[Black "Ponnet, Guy"]
[Result "1/2-1/2"]
[LiveChessVersion "1.4-u16"]
[BlackElo "1732"]
[WhiteElo "2188"]

1. d4 d6 2. Nf3 f5 3. Nc3 Nf6 4. Bg5 Nbd7 5. Qd3 g6 6. e4 fxe4 7. Nxe4 Bg7 8.
O-O-O Nxe4 9. Qxe4 Nf6 10. Bxf6 Bxf6 11. h4 c6 12. h5 Bf5 13. Qe3 Qa5 14. Qb3 Qb6
15. Bd3 Qxb3 16. axb3 e6 17. hxg6 1/2-1/2

[Event "TIPC 2013"]
[Site "Charleroi"]
[Date "2013.07.27"]
[Round "1.17"]
[White "Hardy, Cédric"]
[Black "Van Houtte, Thierry"]
[Result "0-1"]
[LiveChessVersion "1.4-u16"]
[BlackElo "2174"]
[WhiteElo "1727"]

1. e4 Nf6 2. e5 Nd5 3. d4 d6 4. c4 Nb6 5. Nc3 dxe5 6. dxe5 Qxd1+ 7. Nxd1 Nc6 8.
Nf3 Bg4 9. c5 Nd7 10. Be2 Bxf3 11. Bxf3 Ndxe5 12. Be4 O-O-O 13. Be3 e6 14. f4
Nd3+ 15. Ke2 Ndb4 16. Nc3 f5 17. a3 Na6 18. Bxc6 bxc6 19. b4 Be7 20. Rad1 Bf6 21.
Rxd8+ Rxd8 22. Nb1 Nb8 23. Rd1 Rd5 24. Bd2 Nd7 25. Bc3 Rxd1 26. Kxd1 e5 27. fxe5
Bxe5 28. Bxe5 Nxe5 29. Ke2 Kd7 30. Nd2 Ke6 31. Nf3 Nxf3 32. gxf3 Ke5 33. Ke3 g5
34. h3 Kd5 35. Kd3 h6 36. a4 a6 37. Kc3 Ke5 38. Kc4 h5 39. Kd3 Kf4 40. Kd4 g4 41.
fxg4 fxg4 0-1

[Event "TIPC 2013"]
[Site "Charleroi"]
[Date "2013.07.27"]
[Round "1.18"]
[White "Henris, Luc"]
[Black "Iacona, Antonio"]
[Result "1-0"]
[LiveChessVersion "1.4-u16"]
[BlackElo "1726"]
[WhiteElo "2170"]

1. e4 c5 2. d4 cxd4 3. c3 dxc3 4. Nxc3 Nc6 5. Nf3 g6 6. Bc4 Bg7 7. e5 Nh6 8. Bf4
O-O 9. h3 a6 10. Qd2 Nf5 11. g4 Nxe5 12. Bxe5 Nh4 13. Nxh4 Bxe5 14. Nf3 Bg7 15.
Rc1 e6 16. O-O b5 17. Be2 Bb7 18. Rfd1 d5 19. Qe3 Rc8 20. g5 Re8 21. Ne5 b4 22.
Na4 Rxc1 23. Rxc1 d4 24. Qf4 f6 25. gxf6 Bxf6 26. Nc5 Qd5 27. Nxb7 Bxe5 28. Qf3
Qxa2 29. Bc4 Qxb2 30. Bxe6+ Kh8 31. Rc7 Bxc7 32. Qf6# 1-0

[Event "TIPC 2013"]
[Site "Charleroi"]
[Date "2013.07.27"]
[Round "1.19"]
[White "Gillot, Florent"]
[Black "Rey, Fabrice"]
[Result "1/2-1/2"]
[LiveChessVersion "1.4-u16"]
[BlackElo "2167"]
[WhiteElo "1722"]

1. e4 c5 2. c3 g6 3. d4 cxd4 4. cxd4 Bg7 5. Nf3 d5 6. exd5 Nf6 7. Nc3 Nxd5 8. Qb3
Nxc3 9. bxc3 O-O 10. Be2 Nc6 11. Be3 Qc7 12. Rd1 Na5 13. Qb4 Be6 14. O-O Bxa2 15.
Ra1 Bc4 16. Bxc4 Nxc4 17. Rfb1 Nxe3 18. fxe3 b6 19. Rb3 Rfc8 20. e4 e6 21. e5 Qc6
22. Qb5 Bh6 23. Qxc6 Rxc6 24. Ra6 Kf8 25. Kf1 Ke8 26. Ke2 Kd8 27. Nd2 Bxd2 28.
Kxd2 Kc8 29. Ra1 Kb7 30. Kd3 Rac8 31. g4 a6 32. g5 h6 33. Rf1 R6c7 34. h4 hxg5
35. hxg5 Rh8 36. Rf3 b5 37. Rb1 Rh5 38. Rg3 Kb6 39. Rf1 a5 40. Rgf3 Rxg5 41. Rxf7
Rf5 42. Rf6 Rxf1 43. Rxf1 Kc6 44. Rf6 Kd5 45. Rxg6 Rh7 46. Rg8 Rh3+ 47. Kc2 b4
48. Rd8+ Ke4 49. cxb4 axb4 50. Rd6 b3+ 51. Kb2 Rd3 52. Rxe6 Rxd4 1/2-1/2

[Event "TIPC 2013"]
[Site "Charleroi"]
[Date "2013.07.27"]
[Round "1.20"]
[White "De Villers, Mourad"]
[Black "Pirard, Natan"]
[Result "1-0"]
[LiveChessVersion "1.4-u16"]
[BlackElo "1720"]
[WhiteElo "2160"]

1. c4 Nf6 2. g3 g6 3. Bg2 Bg7 4. Nc3 O-O 5. d4 d6 6. Nf3 Nc6 7. O-O a6 8. Re1 Na5
9. b3 c5 10. Bb2 Rb8 11. e4 b5 12. cxb5 axb5 13. e5 Nd7 14. Ne4 Qb6 15. e6 fxe6
16. Neg5 Nf6 17. Nxe6 Bxe6 18. Rxe6 Qa7 19. dxc5 dxc5 20. Qe2 Rfe8 21. Re1 Kf8
22. Ng5 Qd7 23. Ra6 1-0

[Event "TIPC 2013"]
[Site "Charleroi"]
[Date "2013.07.28"]
[Round "2.1"]
[White "Rausis, Igors"]
[Black "Truwant, Pieter"]
[Result "1-0"]
[LiveChessVersion "1.4-u16"]
[BlackElo "1957"]
[WhiteElo "2545"]

1. Nf3 d6 2. e4 Nf6 3. Nc3 g6 4. d4 Bg7 5. Be3 O-O 6. Qd2 Bg4 7. Ng5 Nc6 8. h3
Bc8 9. d5 Nb8 10. Be2 c6 11. O-O h6 12. Nf3 Kh7 13. a4 b6 14. a5 bxa5 15. Ra4 Bd7
16. Ra2 a4 17. Rfa1 c5 18. e5 Ne8 19. Nxa4 Bxa4 20. Rxa4 Nd7 21. Bxh6 1-0

[Event "TIPC 2013"]
[Site "Charleroi"]
[Date "2013.07.28"]
[Round "2.2"]
[White "Audin, Thierry"]
[Black "Kveinys, Aloyzas"]
[Result "0-1"]
[LiveChessVersion "1.4-u16"]
[BlackElo "2479"]
[WhiteElo "1974"]

1. d4  Nf6  2. Nc3  d5
 3. Bg5  c6  4. Qd3
 Nbd7  5. Nf3  h6
 6. Bh4  e6  7. e4
 dxe4  8. Nxe4  Qa5+
 9. c3  Be7  10. Nxf6+
 Nxf6  11. Ne5  O-O
 12. b4  Qd8  13. Be2
 a5  14. bxa5  Rxa5
 15. Nc4  Ra7  16. O-O
 c5  17. a4  Bd7 
18. Rfb1  Bc6  19. f3  cxd4
 20. cxd4  Nd5  21. Bxe7
 Qxe7  22. a5  Rd8
 23. Qd2  Qf6  24. Rd1
 Bb5  25. Ne5  Bxe2
 0-1

[Event "TIPC 2013"]
[Site "Charleroi"]
[Date "2013.07.28"]
[Round "2.4"]
[White "Willockx, Ritsaart"]
[Black "Okhotnik, Vladimir"]
[Result "0-1"]
[LiveChessVersion "1.4-u16"]
[BlackElo "2403"]
[WhiteElo "1965"]

1. d4 g6 2. c4 c5 3. Nf3 Bg7 4. Nc3 cxd4 5. Nxd4 Nc6 6. e3 Nf6 7. Be2 O-O 8. O-O
d6 9. b3 d5 10. Bb2 Nxd4 11. exd4 Be6 12. c5 h5 13. Bf3 Qc7 14. Re1 Rad8 15. Qd3
Bf5 16. Qe3 Rfe8 17. Rad1 Ng4 18. Bxg4 hxg4 19. Ne2 Qa5 20. a3 Qb5 21. Qc3 Bf6
22. Ng3 e6 23. Nxf5 exf5 24. a4 Qa6 25. Rxe8+ Rxe8 26. g3 Qe2 27. Qd2 Qf3 0-1

[Event "TIPC 2013"]
[Site "Charleroi"]
[Date "2013.07.28"]
[Round "2.5"]
[White "Lui, Eric"]
[Black "Vandevoort, Pascal"]
[Result "1-0"]
[LiveChessVersion "1.4-u16"]
[BlackElo "2384"]
[WhiteElo "1953"]

1. c4  g6  2. Nc3  Bg7
 3. g3  e5  4. Bg2
 d6  5. d3  f5 
6. e3  Nf6  7. Nge2  O-O
 8. O-O  c6  9. e4
 Na6  10. Rb1  Nc7
 11. Qb3  Ne6  12. Qc2
 f4  13. f3  g5 
14. g4  h5  15. h3  hxg4
 16. hxg4  Nd4  17. Nxd4
 exd4  18. Nd1  Nd7
 19. Nf2  Ne5  20. Qe2
 Be6  21. Rd1  Bf6
 22. Kf1  Kg7  23. Ke1
 Rh8  24. Kd2  Qa5+
 25. Kc2  b5 26. Bd2 Qa4+ 27. b3 Qxa2+ 28. Rb2
Qa6 29. Kb1 c5 30. Bc1 Qc6 31. Nh3 bxc4 32. bxc4 Rab8 33. Nf2 a5 34. Rh1 Rhd8 35.
Qc2 a4 36. Ka1 Qa6 37. Rxb8 Rxb8 38. Nd1 Nxc4 39. Bf1 Ne3 40. Qh2 Kf7 41. Qh7+
Kf8 42. Rh6 Nc2# 1-0

[Event "TIPC 2013"]
[Site "Charleroi"]
[Date "2013.07.28"]
[Round "2.6"]
[White "Eliet, Nicolas"]
[Black "Dessomme, Francois"]
[Result "1-0"]
[LiveChessVersion "1.4-u16"]
[BlackElo "1942"]
[WhiteElo "2402"]

1. c4 Nf6 2. d4 g6 3. Nc3 Bg7 4. Bf4 d6 5. Nf3 O-O 6. e3 c5 7. Be2 Na6 8. h3 Qb6
9. Qd2 Bf5 10. O-O Rfe8 11. Rfe1 Rad8 12. d5 Ne4 13. Nxe4 Bxe4 14. Ng5 Bf5 15. e4
Bc8 16. Rab1 h6 17. Nf3 g5 18. Be3 f5 19. exf5 Bxf5 20. Bd3 Bxd3 21. Qxd3 Rf8 22.
h4 g4 23. Nh2 g3 24. fxg3 Nb4 25. Qe4 Qc7 26. a3 Na6 27. Rf1 Qd7 28. Qg6 Rxf1+
29. Rxf1 Qe8 30. Qe6+ Kh7 31. Rf7 1-0

[Event "TIPC 2013"]
[Site "Charleroi"]
[Date "2013.07.28"]
[Round "2.7"]
[White "Hautot, Stéphane"]
[Black "Atanasiu, Nicolae"]
[Result "1-0"]
[LiveChessVersion "1.4-u16"]
[BlackElo "1934"]
[WhiteElo "2366"]

1. e4 b6 2. d4 Bb7 3. Bd3 e5 4. dxe5 Nc6 5. Nf3 Nge7 6. Bg5 h6 7. Bh4 g5 8. Bg3
Ng6 9. h4 Bg7 10. hxg5 hxg5 11. Rxh8+ Bxh8 12. Nc3 Ncxe5 13. Nxe5 Bxe5 14. Bxe5
Nxe5 15. Qe2 Qe7 16. O-O-O Nxd3+ 17. cxd3 O-O-O 18. d4 Re8 19. Re1 Kb8 20. f3 d6
21. Qd2 a6 22. Rh1 b5 23. d5 Qe5 24. Rh5 Rg8 25. Ne2 c6 26. dxc6 Bxc6 27. Rh6 Rc8
28. Qxd6+ Qxd6 29. Rxd6 Bxe4+ 30. Kd1 Bb7 31. Rf6 Rc7 32. Kd2 g4 33. fxg4 Ka7 34.
g3 Rd7+ 35. Ke3 Re7+ 36. Kf2 Rc7 37. Nd4 Rd7 38. Ke3 Re7+ 39. Kd3 Rd7 40. a3 Bd5
41. g5 Kb7 42. Ke3 Re7+ 43. Kf2 Re4 44. Nf5 Rd4 45. Nd6+ Ka7 46. Nxf7 Bc4 47. Ne5
Bb3 48. g6 Kb7 49. g7 Bg8 50. Rf8 Bh7 51. Rh8 Bg8 52. Rxg8 b4 53. Re8 bxa3 1-0

[Event "TIPC 2013"]
[Site "Charleroi"]
[Date "2013.07.28"]
[Round "2.8"]
[White "Roels, Frederik"]
[Black "Sarrau, Jelle"]
[Result "0-1"]
[LiveChessVersion "1.4-u16"]
[BlackElo "2309"]
[WhiteElo "1949"]

1. d4 Nf6 2. Nf3 g6 3. Bg5 Bg7 4. e3 O-O 5. c4 c5 6. Nc3 cxd4 7. exd4 d5 8. Bxf6
Bxf6 9. Nxd5 Bg7 10. Ne3 Qa5+ 11. Qd2 Qxd2+ 12. Kxd2 Rd8 13. Kc2 Bxd4 14. Nxd4
Rxd4 15. Nd5 Nc6 16. Kc3 e5 17. f4 Be6 18. fxe5 Rd8 19. Be2 Bxd5 20. cxd5 R8xd5
21. a3 Rc5+ 22. Kb3 Rd2 23. Bf3 Nxe5 24. Kb4 Nd3+ 0-1

[Event "TIPC 2013"]
[Site "Charleroi"]
[Date "2013.07.28"]
[Round "2.9"]
[White "Tomov, Georgi"]
[Black "Giadrosic, Dinko"]
[Result "1-0"]
[LiveChessVersion "1.4-u16"]
[BlackElo "1930"]
[WhiteElo "2301"]

1. Nf3 d6 2. d4 Nf6 3. c4 Nbd7 4. Nc3 e5 5. e4 Be7 6. Be2 O-O 7. O-O c6 8. Re1
exd4 9. Nxd4 Nc5 10. Qc2 a5 11. Bf4 Ne8 12. Rad1 Bg5 13. Bg3 Bh4 14. Nb3 Nxb3 15.
Qxb3 Bxg3 16. hxg3 Qg5 17. Na4 Nf6 18. Bf3 b5 19. Nb6 Rb8 20. Nxc8 Rfxc8 21. Rxd6
Qc5 22. e5 bxc4 23. Qc2 Nd5 24. Rd7 Rd8 25. Rxd8+ Rxd8 26. e6 fxe6 27. Rxe6 Rf8
28. Re5 c3 29. bxc3 Qd6 30. Qe2 Nxc3 31. Qc4+ Nd5 32. Bxd5+ cxd5 33. Qxd5+ Qxd5
34. Rxd5 Ra8 35. a4 Ra7 36. f4 Kf7 37. Kf2 Ke6 38. Rh5 g6 39. Re5+ Kd6 40. Kf3
Kc6 41. g4 Kb6 42. f5 gxf5 43. gxf5 h5 44. f6 Rf7 45. Rf5 Kc6 46. Kf4 Kd6 47. Kg5
Ke6 48. Kg6 h4 49. Rf1 Rf8 50. f7 1-0

[Event "TIPC 2013"]
[Site "Charleroi"]
[Date "2013.07.28"]
[Round "2.10"]
[White "Fontaine, Quentin"]
[Black "Noiroux, Kevin"]
[Result "0-1"]
[LiveChessVersion "1.4-u16"]
[BlackElo "2243"]
[WhiteElo "1935"]

1. e4 e6 2. d4 d5 3. e5 c5 4. c3 Bd7 5. Nf3 Nc6 6. Bd3 Qb6 7. O-O cxd4 8. cxd4
Nxd4 9. Nbd2 Nxf3+ 10. Nxf3 h6 11. Be3 Bc5 12. Bxc5 Qxc5 13. Qd2 Ne7 14. Rac1 Qb6
15. Rc3 Nc6 16. Rb3 Qc7 17. Rc1 O-O 18. Bb1 f5 19. exf6 Rxf6 20. Re3 Qf4 21. Qd3
g6 22. Rce1 Raf8 23. a3 a5 24. h4 R8f7 25. Bc2 Qg4 26. Bd1 Qf4 27. Qb3 Bc8 28.
Bc2 Qg4 29. Bd1 Qf5 30. Bc2 Qg4 31. Bd1 Qf4 32. Qd3 Qc4 33. Qxc4 dxc4 34. Ba4 Rc7
35. Re4 Na7 36. Re5 b6 37. Nd4 Kf7 38. R1e3 Bd7 39. Nb5 Nxb5 40. Bxb5 Bxb5 41.
Rxb5 Rc6 42. Rc3 Rf5 43. Rxf5+ exf5 44. Kf1 Ke6 45. Ke2 Kd5 46. Kd2 b5 47. Rf3 h5
48. Re3 Re6 49. Rf3 b4 50. axb4 axb4 51. Rg3 Kd4 52. Rf3 Re4 53. g3 Re6 54. Rf4+
Re4 55. Rf3 Kc5 56. Kd1 Kd5 57. Kc1 Ke5 58. Kd1 f4 59. Kd2 Kf5 0-1

[Event "TIPC 2013"]
[Site "Charleroi"]
[Date "2013.07.28"]
[Round "2.11"]
[White "Le Quang, Kim"]
[Black "Bruno, Ricardo"]
[Result "1-0"]
[LiveChessVersion "1.4-u16"]
[BlackElo "1927"]
[WhiteElo "2242"]

1. e4 c5 2. Nc3 e6 3. f4 d5 4. Nf3 dxe4 5. Nxe4 Nc6 6. g3 Nf6 7. Nf2 Bd6 8. Bg2
O-O 9. O-O e5 10. fxe5 Nxe5 11. d3 Qc7 12. Bg5 Nfg4 13. Ne4 Be7 14. Bf4 f5 15.
Nc3 Bf6 16. Nd5 Nxf3+ 17. Qxf3 Bd4+ 18. Kh1 Qf7 19. c3 Be5 20. Rae1 Bxf4 21. Qxf4
Bd7 22. h3 Qh5 23. Qd6 Rad8 24. Nf4 Qh6 25. Qxh6 Nxh6 26. Bxb7 Bc8 27. Bxc8 Rxc8
28. Re7 Rf7 29. Rfe1 g6 30. Kg2 Rc6 31. Re8+ Kg7 32. Ne6+ Kf6 33. Nd8 Rb6 34.
R1e6+ 1-0

[Event "TIPC 2013"]
[Site "Charleroi"]
[Date "2013.07.28"]
[Round "2.12"]
[White "Gorts, Sven"]
[Black "Geenen, Marc"]
[Result "0-1"]
[LiveChessVersion "1.4-u16"]
[BlackElo "2235"]
[WhiteElo "1932"]

1. e4 e5 2. Nf3 Nc6 3. Bb5 f5 4. d3 Nf6 5. O-O fxe4 6. dxe4 Bc5 7. Qe2 Nd4 8.
Nxd4 Bxd4 9. c3 Bb6 10. Be3 O-O 11. Bxb6 axb6 12. Bc4+ Kh8 13. Nd2 d6 14. h3 Qe8
15. f4 exf4 16. Rxf4 Qe5 17. Raf1 Bd7 18. Qf2 Qc5 19. g4 Qxf2+ 20. R1xf2 h6 21.
Nf3 Rfe8 22. Nh4 Bc6 23. Bf7 Rxe4 24. Ng6+ Kh7 25. Rxf6 gxf6 26. Nh4 Kg7 0-1

[Event "TIPC 2013"]
[Site "Charleroi"]
[Date "2013.07.28"]
[Round "2.13"]
[White "Lacroix, Bruno"]
[Black "Van Houtte, Randy"]
[Result "1-0"]
[LiveChessVersion "1.4-u16"]
[BlackElo "1902"]
[WhiteElo "2207"]

1. d4 Nf6 2. Nf3 e6 3. Bg5 d5 4. e3 Be7 5. Nbd2 Nbd7 6. Bd3 h6 7. Bh4 O-O 8. c3
c5 9. Ne5 Nxe5 10. dxe5 Nd7 11. Bg3 f5 12. exf6 Nxf6 13. e4 c4 14. Bc2 Qe8 15.
O-O b5 16. Re1 Nh5 17. exd5 Nxg3 18. hxg3 Qf7 19. Nf3 exd5 20. Rxe7 Qxe7 21.
Qxd5+ Be6 22. Qe4 Qf6 23. Qh7+ Kf7 24. Re1 Ke7 25. Qe4 Rab8 26. Nd4 Rb6 27. f4 g6
28. Qd5 Rc8 29. f5 1-0

[Event "TIPC 2013"]
[Site "Charleroi"]
[Date "2013.07.28"]
[Round "2.14"]
[White "Marlier, Gaétan"]
[Black "Bomans, Arno"]
[Result "0-1"]
[LiveChessVersion "1.4-u16"]
[BlackElo "2204"]
[WhiteElo "1929"]

1. e4 e5 2. Nf3 Nc6 3. d4 exd4 4. Bc4 Bc5 5. c3 Nf6 6. cxd4 Bb4+ 7. Bd2 Bxd2+ 8.
Nbxd2 d5 9. exd5 Nxd5 10. O-O O-O 11. Bb5 Nde7 12. Nb3 Bg4 13. h3 Bh5 14. g4 Bg6
15. Ne5 Nxe5 16. dxe5 a6 17. Bd7 b6 18. f4 Be4 19. e6 Bd5 20. Qe2 c6 21. Rae1 Kh8
22. f5 Qc7 23. Qe5 Qxe5 24. Rxe5 f6 25. Re3 g6 26. fxg6 hxg6 27. a4 f5 28. Nd2
fxg4 29. hxg4 Rxf1+ 30. Nxf1 Rf8 31. Re2 {suite illisible} 0-1

[Event "TIPC 2013"]
[Site "Charleroi"]
[Date "2013.07.28"]
[Round "2.16"]
[White "Van Houtte, Thierry"]
[Black "Charlier, Laurent"]
[Result "1/2-1/2"]
[LiveChessVersion "1.4-u16"]
[BlackElo "1881"]
[WhiteElo "2174"]

1. e4 e5 2. Nf3 Nc6 3. d4 exd4 4. Nxd4 g6 5. Nc3 Bg7 6. Be3 Nge7 7. Qd2 O-O 8.
O-O-O Re8 9. h4 d5 10. Kb1 a6 11. h5 dxe4 12. hxg6 hxg6 13. Nxc6 Nxc6 14. Qxd8
Nxd8 15. Nd5 Bg4 16. Nxc7 Bxd1 17. Nxa8 Ne6 18. Nb6 Bh5 19. c3 f5 20. Bc4 Kf8 21.
g3 Ke7 22. a4 Rh8 23. Kc2 Bf3 24. Rxh8 Bxh8 25. Bd5 Nd8 26. Bc5+ Ke8 27. b4 g5
28. Nc4 Kd7 29. Nd6 b6 30. Nxf5 bxc5 31. bxc5 Nc6 32. Nd6 Be5 33. Nxe4 Bxe4+ 34.
Bxe4 Bc7 35. Kd3 a5 36. Bf5+ Ke7 37. Ke4 Kf6 38. f4 gxf4 39. gxf4 Ne7 40. Bd7 Ng6
41. Kd5 Ke7 42. f5 Nf4+ 43. Kc6 Kd8 44. f6 Ng6 45. Be6 Be5 46. Kb6 Nf8 47. Bf5
Bxc3 48. c6 Be5 49. Kxa5 Kc7 50. Kb5 Bxf6 51. a5 Bd4 52. Kc4 Kxc6 53. Kxd4 Kb5
54. Kd5 Kxa5 55. Kd6 Kb6 1/2-1/2